00316nam a2200121Ia 4500008004100000020002200041041000800063082001500071100001800086245004500104260003600149300000900185230519s9999 xx 000 0 und d a978-81-8448-697-1 aeng aJAC/DB0462 aJacob Annamma aMaternal and Neonatal Nursing Care Plans bJaypee BrothersaSt Louisc2009 a456P